| 000 | 00669nam a2200193Ia 4500 | ||
|---|---|---|---|
| 005 | 20250423101414.0 | ||
| 008 | 250422s9999 xx 000 0 und d | ||
| 020 | _a9780321478061 | ||
| 050 | _aF 67.W79 M66/ | ||
| 100 | _aMorgan, Edmund S. | ||
| 245 | 4 | _aThe Puritan dilemma : the story of John Winthrop | |
| 250 | _a3rd ed. | ||
| 260 | _aNew York | ||
| 260 | _bPearson Longman | ||
| 260 | _c 2007 | ||
| 300 | _a210 p | ||
| 650 | _aWinthrop, John, 1588-1649. Governors --Massachusetts --Biography. Puritans --Massachusetts --Biography. Puritans --Massachusetts --History --17th century. Massachusetts --History --Colonial period, ca. 1600-1775 | ||
| 942 | _cBK | ||
| 999 |
_c36212 _d36212 |
||